000 00741nam a22002057a 4500
999 _c17153
_d17153
003 AR-CdUCM
008 190507b ||||| |||| 00| 0 spa d
040 _aMUNICIPALIDAD PROVINCIAL DEL CUSCO
_cBIBLIOTECA MUNICIPAL DEL CUSCO
082 _a869.508 /
_bM65
245 _aLos místicos /
260 _aParís :
_bDesclée de Brouwer,
_c1938.
300 _a288 páginas ;
_c18 cm.
440 _aBiblioteca de cultura peruana ;
_n7
_937013
505 _aContenido: Diego de Ojeda -- Diego Mexia de Fernangil -- Fernando de Valverde -- Juan de Alloza -- Juan Meléndez...
650 _aLiteratura peruana
_9169
650 _aLiteratura colonial
_9397
650 _aLiteratura mistica
_91207
942 _2ddc
_cLIBROS
945 _aacv
_d2019-05-07